[Event "San Jose subzonal (Women) 2.3.c"]
[Site "San Jose"]
[Date "2018.03.25"]
[Round "1"]
[White "Hernandez Alvarez, Tania Regla"]
[Black "Garcia Mendez, Alcira Guadalupe"]
[Result "1-0"]
[WhiteElo "2076"]
[BlackElo "1755"]
[PlyCount "71"]
[EventDate "2018.03.25"]
[EventType "swiss"]
[EventRounds "9"]
[EventCountry "CRI"]
[SourceTitle "EXT 2019"]
[Source "ChessBase"]
[SourceDate "2018.10.10"]
[SourceVersion "1"]
[SourceVersionDate "2018.10.10"]
[SourceQuality "1"]

1. e4 e5 2. Nf3 Nc6 3. Bb5 Nd4 4. Bc4 Nxf3+ 5. Qxf3 Nf6 6. Nc3 c6 7. d3 d5 8. exd5 Bg4 9. Qg3 Bd6 10. Bg5 Qd7 11. Bxf6 gxf6 12. Ne4 Be7 13. d6 Bd8 14. f3 Bf5 15. Qg7 Ba5+ 16. b4 Bxb4+ 17. c3 Bxc3+ 18. Nxc3 0-0-0 19. Qxf6 Rhg8 20. g4 Bg6 21. 0-0-0 b5 22. Bb3 a5 23. a4 Qa7 24. Rhe1 Qc5 25. Qxe5 Qa3+ 26. Kc2 Rxd6 27. Ne4 Bxe4 28. Rxe4 Rgd8 29. Ra1 Qxb3+ 30. Kxb3 Rxd3+ 31. Qc3 b4 32. Qxd3 Rxd3+ 33. Kc4 Rxf3 34. Kc5 Rc3+ 35. Kb6 c5 36. Rd1 1-0

[Event "Managua Hurtado Memorial 15th"]
[Site "Managua"]
[Date "2015.12.30"]
[Round "8"]
[White "Godoy Cano, Miguel Angel"]
[Black "Garcia Mendez, Alcira Guadalupe"]
[Result "0-1"]
[WhiteElo "1989"]
[BlackElo "1806"]
[PlyCount "70"]
[EventDate "2015.12.26"]
[EventType "swiss"]
[EventRounds "9"]
[EventCountry "NCA"]
[SourceTitle "CBM 170 Extra"]
[Source "ChessBase"]
[SourceDate "2016.02.25"]
[SourceVersion "1"]
[SourceVersionDate "2016.02.25"]
[SourceQuality "1"]

1. c4 e5 2. Nc3 Nf6 3. g3 Bc5 4. Bg2 a6 5. e4 0-0 6. Nge2 Nc6 7. 0-0 d6 8. d3 Be6 9. Nd5 Nb4 10. Bg5 Nbxd5 11. cxd5 Bd7 12. Nc3 h6 13. Bd2 Bg4 14. Qb3 Qc8 15. Kh1 Bh3 16. f3 c6 17. Rac1 Qd7 18. a3 Ba7 19. a4 Rfc8 20. a5 cxd5 21. Nxd5 Nxd5 22. Qxd5 Be6 23. Bh3 Bxh3 24. Qb3 Bxf1 25. Rxf1 Qb5 26. Qa3 Rc2 27. Bb4 Rac8 28. Bxd6 Bc5 29. Bxc5 Qxc5 30. Qa2 Rc1 31. Rxc1 Qxc1+ 32. Kg2 Rc2+ 33. Kh3 Qxb2 34. Qa4 Rxh2+ 35. Kg4 Qb5 0-1

[Event "Managua Sub zt 2.3.2 (Women)"]
[Site "Managua"]
[Date "2014.05.02"]
[Round "9"]
[White "Garcia Mendez, Alcira Guadalupe"]
[Black "Fernandez, Mirna Graciela"]
[Result "1/2-1/2"]
[WhiteElo "1715"]
[BlackElo "1481"]
[PlyCount "99"]
[EventDate "2014.04.27"]
[EventType "swiss"]
[EventRounds "9"]
[EventCountry "NCA"]
[SourceTitle "EXT 2016"]
[Source "ChessBase"]
[SourceDate "2015.10.08"]
[SourceVersion "1"]
[SourceVersionDate "2015.10.08"]
[SourceQuality "1"]

1. e4 e5 2. d4 exd4 3. Qxd4 Nc6 4. Qe3 d6 5. f4 Nf6 6. Nc3 Qe7 7. Nf3 Nb4 8. Qe2 Bd7 9. a3 Na6 10. Bd2 0-0-0 11. 0-0-0 Nc5 12. e5 dxe5 13. Qxe5 Qxe5 14. Nxe5 Bg4 15. Nxg4 Nxg4 16. Be1 Rxd1+ 17. Nxd1 Bd6 18. g3 Re8 19. Bh3 f5 20. Bc3 g6 21. Bg2 Ne4 22. Re1 Kd7 23. h3 Nh6 24. Be5 Nf7 25. Bd4 Nxg3 26. Rxe8 Kxe8 27. Bxa7 b6 28. c4 Ne2+ 29. Kd2 Nxf4 30. Bc6+ Ke7 31. h4 Ne5 32. Bb5 Nf3+ 33. Ke3 Nxh4 34. b4 Ne6 35. Nc3 Kd8 36. Na4 Bf4+ 37. Kf2 Nd4 38. Ba6 Nc6 39. Bxb6 cxb6 40. Nxb6 Bc7 41. Nd5 Be5 42. c5 f4 43. Bc4 Nf5 44. Kf3 h5 45. Nxf4 Bxf4 46. Kxf4 Nfe7 47. b5 Na5 48. Bd3 Nb3 49. c6 Nc5 50. Bc2 1/2-1/2

[Event "Managua Sub zt 2.3.2 (Women)"]
[Site "Managua"]
[Date "2014.05.01"]
[Round "7"]
[White "Acevedo Mendez, Lisseth"]
[Black "Garcia Mendez, Alcira Guadalupe"]
[Result "0-1"]
[WhiteElo "1862"]
[BlackElo "1715"]
[PlyCount "80"]
[EventDate "2014.04.27"]
[EventType "swiss"]
[EventRounds "9"]
[EventCountry "NCA"]
[SourceTitle "EXT 2016"]
[Source "ChessBase"]
[SourceDate "2015.10.08"]
[SourceVersion "1"]
[SourceVersionDate "2015.10.08"]
[SourceQuality "1"]

1. e4 e5 2. Nf3 Nc6 3. d4 exd4 4. Nxd4 Bc5 5. Be3 Qf6 6. c3 Nge7 7. Bc4 Ne5 8. Be2 d6 9. 0-0 Qg6 10. Bh5 Qxe4 11. Nd2 Qh4 12. Nb5 0-0 13. Bxc5 dxc5 14. Re1 N7c6 15. Nxc7 Bg4 16. Bxg4 Nxg4 17. Nf3 Qxf2+ 18. Kh1 Rad8 19. Qa4 Ne3 20. Rg1 Rd7 21. Na6 Rfd8 22. Qe4 Re7 23. Qa4 Ne5 24. Nxe5 Rxe5 25. Nc7 Rg5 26. Qe4 Ng4 27. Qe7 Qf6 28. Qxf6 gxf6 29. h4 Rh5 30. g3 a6 31. Rae1 Kf8 32. Rg2 Rc8 33. Ne6+ fxe6 34. Rxe6 Kf7 35. Rd6 Re8 36. Rd7+ Re7 37. Rgd2 Rhe5 38. Kg2 Rxd7 39. Rxd7+ Re7 40. Rd3 Ne3+ 0-1

[Event "Olympiad Women-40"]
[Site "Istanbul"]
[Date "2012.09.06"]
[Round "9.4"]
[White "Tlale, Tshepang"]
[Black "Garcia Mendez, Alcira Guadalupe"]
[Result "0-1"]
[WhiteElo "1782"]
[BlackElo "1782"]
[PlyCount "52"]
[EventDate "2012.08.28"]
[EventType "team-swiss"]
[EventRounds "11"]
[EventCountry "TUR"]
[SourceTitle "CBM 150 Extra"]
[Source "ChessBase"]
[SourceDate "2012.10.19"]
[SourceVersion "1"]
[SourceVersionDate "2012.10.19"]
[SourceQuality "1"]
[WhiteTeam "South Africa (W)"]
[BlackTeam "El Salvador (W)"]
[WhiteTeamCountry "RSA"]
[BlackTeamCountry "ESA"]

1. e4 e5 2. d4 exd4 3. Qxd4 Nc6 4. Qe3 Nf6 5. Nc3 Bb4 6. Bd2 0-0 7. 0-0-0 Re8 8. Qg3 Nxe4 9. Nxe4 Rxe4 10. c3 Bf8 11. Bd3 Ra4 12. Nf3 d5 13. Bf4 Bd6 14. Bxd6 Qxd6 15. Qxd6 cxd6 16. Bb1 Be6 17. h3 Rc8 18. b3 Rf4 19. Kb2 Ne5 20. Rd4 Rf6 21. Bd3 Nc6 22. Bb1 Ra8 23. Rdd1 Rc8 24. Kc1 Rf4 25. Kb2 Ne5 26. Rd4 Rf6 0-1

[Event "Olympiad Women-40"]
[Site "Istanbul"]
[Date "2012.09.04"]
[Round "7.4"]
[White "Atabayeva, Ogulgerek"]
[Black "Garcia Mendez, Alcira Guadalupe"]
[Result "1-0"]
[WhiteElo "1975"]
[BlackElo "1782"]
[PlyCount "103"]
[EventDate "2012.08.28"]
[EventType "team-swiss"]
[EventRounds "11"]
[EventCountry "TUR"]
[SourceTitle "CBM 150 Extra"]
[Source "ChessBase"]
[SourceDate "2012.10.19"]
[SourceVersion "1"]
[SourceVersionDate "2012.10.19"]
[SourceQuality "1"]
[WhiteTeam "Turkmenistan (W)"]
[BlackTeam "El Salvador (W)"]
[WhiteTeamCountry "TKM"]
[BlackTeamCountry "ESA"]

1. e4 e5 2. Nf3 Nc6 3. d4 exd4 4. Nxd4 Bc5 5. Be3 Qf6 6. c3 Nge7 7. Qd2 0-0 8. Nb5 Bxe3 9. Qxe3 d5 10. Nxc7 Rb8 11. exd5 Nf5 12. Qe2 Ne5 13. Nd2 a6 14. Ne4 Qe7 15. d6 Nxd6 16. Nd5 Qe6 17. 0-0-0 Qh6+ 18. Kb1 Bf5 19. Ne7+ Kh8 20. Nxf5 Nxf5 21. g4 Nh4 22. g5 Qg6 23. f4 Nc6 24. Qc2 Qf5 25. Bc4 b5 26. Bd5 Ne7 27. Nc5 Qc8 28. Nb3 Nxd5 29. Rxd5 Qc6 30. Rhd1 g6 31. Nc5 Nf5 32. Rxf5 gxf5 33. Nd7 Qe4 34. Nxf8 Rxf8 35. Qxe4 fxe4 36. Rd5 Re8 37. Kc2 e3 38. Re5 Rxe5 39. fxe5 e2 40. Kd2 e1Q+ 41. Kxe1 Kg7 42. Kf2 Kg6 43. h4 Kf5 44. Kf3 Kxe5 45. b3 a5 46. Ke3 Kf5 47. c4 bxc4 48. bxc4 Ke5 49. Kd3 a4 50. a3 Kd6 51. Kd4 Kc6 52. c5 1-0

[Event "Olympiad Women-40"]
[Site "Istanbul"]
[Date "2012.08.28"]
[Round "1.4"]
[White "Gaponenko, Inna"]
[Black "Garcia Mendez, Alcira Guadalupe"]
[Result "1-0"]
[WhiteElo "2404"]
[BlackElo "1782"]
[PlyCount "35"]
[EventDate "2012.08.28"]
[EventType "team-swiss"]
[EventRounds "11"]
[EventCountry "TUR"]
[SourceTitle "CBM 150 Extra"]
[Source "ChessBase"]
[SourceDate "2012.10.19"]
[SourceVersion "1"]
[SourceVersionDate "2012.10.19"]
[SourceQuality "1"]
[WhiteTeam "Ukraine (W)"]
[BlackTeam "El Salvador (W)"]
[WhiteTeamCountry "UKR"]
[BlackTeamCountry "ESA"]

1. e4 e5 2. Nf3 Nc6 3. Bb5 Nd4 4. Nxd4 exd4 5. Bc4 Bc5 6. Bxf7+ Kf8 7. Bb3 Qe7 8. d3 Nf6 9. 0-0 d6 10. Nd2 Be6 11. Bxe6 Qxe6 12. Nf3 h6 13. Nh4 Kf7 14. f4 Rhe8 15. Bd2 d5 16. e5 Qg4 17. Nf3 Nh5 18. Ng5+ 1-0